[Event "DEM U16 2025"]
[Site "Willingen GER"]
[Date "2025.06.14"]
[Round "9"]
[White "Khachaturyan, Konstantin"]
[Black "Fruth, David"]
[Result "0-1"]
[Termination "normal"]
[Board "15"]
[WhiteElo "1800"]
[BlackElo "2131"]
[WhiteClock "00:03:10"]
[BlackClock "00:53:43"]
[PlyCount "114"]
[WhiteFideId "16239083"]
[BlackFideId "16257596"]
[EventCountry "GER"]
[EventRounds "9"]
[EventType "swiss"]
[EventDate "2025.06.07"]

1. e4 {[%clk 01:30:59]} {[%emt 00:00:01]} c5 {[%clk 01:30:59]} {[%emt
00:00:01]} 2. Nf3 {[%clk 01:31:23]} {[%emt 00:00:06]} Nc6 {[%clk 01:31:27]}
{[%emt 00:00:02]} 3. d4 {[%clk 01:31:49]} {[%emt 00:00:03]} cxd4 {[%clk
01:31:51]} {[%emt 00:00:07]} 4. Nxd4 {[%clk 01:32:15]} {[%emt 00:00:03]} Nf6
{[%clk 01:32:15]} {[%emt 00:00:07]} 5. Nc3 {[%clk 01:32:40]} {[%emt 00:00:05]}
g6 {[%clk 01:32:41]} {[%emt 00:00:04]} 6. Be3 {[%clk 01:32:28]} {[%emt
00:00:42]} Bg7 {[%clk 01:33:06]} {[%emt 00:00:05]} 7. Bc4 {[%clk 01:32:41]}
{[%emt 00:00:17]} O-O {[%clk 01:33:29]} {[%emt 00:00:07]} 8. Bb3 {[%clk
01:32:56]} {[%emt 00:00:15]} Re8 {[%clk 01:33:22]} {[%emt 00:00:38]} 9. O-O
{[%clk 01:33:07]} {[%emt 00:00:19]} d6 {[%clk 01:33:48]} {[%emt 00:00:03]} 10.
Nxc6 {[%clk 01:33:18]} {[%emt 00:00:20]} bxc6 {[%clk 01:34:13]} {[%emt
00:00:05]} 11. Re1 {[%clk 01:31:05]} {[%emt 00:02:42]} Ng4 {[%clk 01:23:28]}
{[%emt 00:11:15]} 12. Qf3 {[%clk 01:16:39]} {[%emt 00:14:57]} Rf8 {[%clk
01:18:48]} {[%emt 00:05:10]} 13. Bg5 {[%clk 01:09:08]} {[%emt 00:08:01]} h6
{[%clk 01:16:10]} {[%emt 00:03:08]} 14. Bf4 {[%clk 00:55:27]} {[%emt 00:14:10]}
Kh7 {[%clk 01:09:45]} {[%emt 00:06:55]} 15. Rad1 {[%clk 00:49:18]} {[%emt
00:06:39]} Qc7 {[%clk 01:04:55]} {[%emt 00:05:21]} 16. h3 {[%clk 00:41:08]}
{[%emt 00:08:39]} Ne5 {[%clk 01:04:52]} {[%emt 00:00:34]} 17. Qe2 {[%clk
00:39:39]} {[%emt 00:01:59]} f5 {[%clk 01:02:31]} {[%emt 00:02:52]} 18. Bxe5
{[%clk 00:29:04]} {[%emt 00:11:05]} Bxe5 {[%clk 01:02:35]} {[%emt 00:00:25]}
19. f4 {[%clk 00:28:43]} {[%emt 00:00:51]} Qb6+ {[%clk 00:53:58]} {[%emt
00:09:07]} 20. Kh1 {[%clk 00:26:51]} {[%emt 00:02:22]} Bxf4 {[%clk 00:53:09]}
{[%emt 00:01:20]} 21. exf5 {[%clk 00:26:29]} {[%emt 00:00:52]} Bxf5 {[%clk
00:53:29]} {[%emt 00:00:10]} 22. Qxe7+ {[%clk 00:26:42]} {[%emt 00:00:17]} Kh8
{[%clk 00:53:55]} {[%emt 00:00:02]} 23. Bf7 {[%clk 00:15:16]} {[%emt 00:11:57]}
Bg5 {[%clk 00:52:07]} {[%emt 00:02:18]} 24. Qxd6 {[%clk 00:05:54]} {[%emt
00:09:52]} Rxf7 {[%clk 00:52:20]} {[%emt 00:00:17]} 25. Ne4 {[%clk 00:04:56]}
{[%emt 00:01:28]} Bxe4 {[%clk 00:50:56]} {[%emt 00:01:54]} 26. Qe5+ {[%clk
00:04:41]} {[%emt 00:00:45]} Kh7 {[%clk 00:50:47]} {[%emt 00:00:39]} 27. Rxe4
{[%clk 00:05:00]} {[%emt 00:00:12]} Raf8 {[%clk 00:49:55]} {[%emt 00:01:21]}
28. Ree1 {[%clk 00:02:03]} {[%emt 00:03:27]} Qf2 {[%clk 00:50:15]} {[%emt
00:00:10]} 29. Qe2 {[%clk 00:01:56]} {[%emt 00:00:37]} Qg3 {[%clk 00:50:15]}
{[%emt 00:00:30]} 30. Rd3 {[%clk 00:01:37]} {[%emt 00:00:50]} Qxe1+ {[%clk
00:50:04]} {[%emt 00:00:40]} 31. Qxe1 {[%clk 00:02:03]} {[%emt 00:00:05]} Rf1+
{[%clk 00:50:31]} {[%emt 00:00:04]} 32. Qxf1 {[%clk 00:02:29]} {[%emt
00:00:03]} Rxf1+ {[%clk 00:50:56]} {[%emt 00:00:05]} 33. Kh2 {[%clk 00:02:57]}
{[%emt 00:00:01]} Rf2 {[%clk 00:51:02]} {[%emt 00:00:25]} 34. Rc3 {[%clk
00:02:13]} {[%emt 00:01:14]} Rd2 {[%clk 00:50:27]} {[%emt 00:01:05]} 35. Rxc6
{[%clk 00:02:10]} {[%emt 00:00:33]} Bf4+ {[%clk 00:50:51]} {[%emt 00:00:06]}
36. Kg1 {[%clk 00:02:34]} {[%emt 00:00:06]} Bg3 {[%clk 00:51:18]} {[%emt
00:00:03]} 37. Kf1 {[%clk 00:02:16]} {[%emt 00:00:47]} Rf2+ {[%clk 00:51:44]}
{[%emt 00:00:05]} 38. Kg1 {[%clk 00:02:43]} Re2 {[%clk 00:52:09]} {[%emt
00:00:08]} 39. Rf6 {[%emt 00:00:04]} Rxc2 {[%clk 00:52:23]} {[%emt 00:00:13]}
40. Rf3 {[%clk 00:03:26]} {[%emt 00:00:16]} Be5 {[%clk 00:52:07]} {[%emt
00:00:46]} 41. Kf1 {[%clk 00:03:10]} {[%emt 00:00:46]} h5 {[%clk 00:51:27]}
{[%emt 00:01:09]} 42. Rf7+ {[%clk 00:03:05]} {[%emt 00:00:35]} Kh6 {[%clk
00:51:56]} 43. Rxa7 {[%clk 00:03:17]} {[%emt 00:00:19]} Bg3 {[%clk 00:52:12]}
{[%emt 00:00:14]} 44. Ra3 {[%clk 00:03:13]} {[%emt 00:00:34]} h4 {[%clk
00:52:36]} {[%emt 00:00:06]} 45. Rf3 {[%clk 00:02:30]} {[%emt 00:01:13]} Rxb2
{[%clk 00:53:03]} {[%emt 00:00:03]} 46. a3 {[%clk 00:02:29]} {[%emt 00:00:31]}
Ra2 {[%clk 00:53:25]} {[%emt 00:00:08]} 47. Re3 {[%clk 00:02:07]} {[%emt
00:00:52]} Ra1+ {[%clk 00:53:15]} {[%emt 00:00:40]} 48. Ke2 {[%clk 00:02:33]}
{[%emt 00:00:04]} Ra2+ {[%clk 00:52:41]} {[%emt 00:01:05]} 49. Kf3 {[%clk
00:02:51]} {[%emt 00:00:12]} Rf2+ {[%clk 00:53:01]} {[%emt 00:00:09]} 50. Ke4
{[%clk 00:03:01]} {[%emt 00:00:21]} Rxg2 {[%clk 00:53:25]} {[%emt 00:00:06]}
51. Rc3 {[%clk 00:02:17]} {[%emt 00:01:14]} Rh2 {[%clk 00:52:18]} {[%emt
00:01:37]} 52. a4 {[%clk 00:02:36]} {[%emt 00:00:11]} Rxh3 {[%clk 00:52:41]}
{[%emt 00:00:07]} 53. a5 {[%clk 00:02:55]} {[%emt 00:00:12]} Rh1 {[%clk
00:53:07]} {[%emt 00:00:02]} 54. Ra3 {[%clk 00:03:18]} {[%emt 00:00:09]} Re1+
{[%clk 00:52:59]} {[%emt 00:00:38]} 55. Kf3 {[%clk 00:03:20]} {[%emt 00:00:28]}
Rf1+ {[%clk 00:52:55]} {[%emt 00:00:34]} 56. Ke2 {[%clk 00:03:25]} Rf2+ {[%clk
00:53:20]} {[%emt 00:00:30]} 57. Ke1 {[%clk 00:03:10]} Kh5 {[%clk 00:53:43]}
{[%emt 00:00:52]} 0-1

[Event "DEM U16 2025"]
[Site "Willingen GER"]
[Date "2025.06.14"]
[Round "9"]
[White "Riechenberg, Sebastian"]
[Black "Bock, Leonas"]
[Result "1-0"]
[Termination "normal"]
[Board "16"]
[WhiteElo "2101"]
[BlackElo "1659"]
[WhiteClock "01:50:01"]
[BlackClock "00:29:57"]
[PlyCount "83"]
[WhiteFideId "34605231"]
[BlackFideId "16287118"]
[EventCountry "GER"]
[EventRounds "9"]
[EventType "swiss"]
[EventDate "2025.06.07"]

1. d4 {[%clk 01:30:57]} {[%emt 00:00:03]} d5 {[%clk 01:30:55]} {[%emt
00:00:05]} 2. c4 {[%clk 01:31:26]} c6 {[%clk 01:31:20]} {[%emt 00:00:05]} 3.
Nf3 {[%clk 01:31:53]} {[%emt 00:00:04]} Nf6 {[%clk 01:31:45]} {[%emt 00:00:04]}
4. g3 {[%clk 01:32:22]} e6 {[%clk 01:31:28]} {[%emt 00:00:48]} 5. Bg2 {[%clk
01:32:46]} {[%emt 00:00:05]} Bd6 {[%clk 01:31:52]} {[%emt 00:00:06]} 6. O-O
{[%clk 01:33:11]} {[%emt 00:00:04]} O-O {[%clk 01:32:11]} {[%emt 00:00:11]} 7.
Qd3 {[%clk 01:33:39]} {[%emt 00:00:03]} Nbd7 {[%clk 01:31:43]} {[%emt
00:00:58]} 8. Nc3 {[%clk 01:33:18]} {[%emt 00:00:51]} dxc4 {[%clk 01:28:25]}
{[%emt 00:03:48]} 9. Qxc4 {[%clk 01:33:20]} {[%emt 00:00:29]} e5 {[%clk
01:27:38]} {[%emt 00:01:16]} 10. dxe5 {[%clk 01:33:42]} {[%emt 00:00:08]} Nxe5
{[%clk 01:27:58]} {[%emt 00:00:10]} 11. Nxe5 {[%clk 01:34:08]} {[%emt
00:00:04]} Bxe5 {[%clk 01:28:22]} {[%emt 00:00:07]} 12. Rd1 {[%clk 01:33:11]}
{[%emt 00:01:26]} Qe7 {[%clk 01:25:06]} {[%emt 00:03:46]} 13. Be3 {[%clk
01:32:39]} {[%emt 00:01:03]} Be6 {[%clk 01:24:22]} {[%emt 00:01:14]} 14. Qc5
{[%clk 01:32:54]} {[%emt 00:00:15]} Qxc5 {[%clk 01:21:54]} {[%emt 00:02:57]}
15. Bxc5 {[%clk 01:33:05]} {[%emt 00:00:19]} Rfd8 {[%clk 01:22:16]} {[%emt
00:00:08]} 16. Bxa7 {[%clk 01:29:57]} {[%emt 00:03:38]} Nd5 {[%clk 01:06:44]}
{[%emt 00:16:02]} 17. Bxd5 {[%clk 01:28:35]} {[%emt 00:01:52]} Bxd5 {[%clk
01:06:11]} {[%emt 00:01:03]} 18. Bd4 {[%clk 01:28:46]} {[%emt 00:00:19]} Bxd4
{[%clk 01:02:28]} {[%emt 00:04:13]} 19. Rxd4 {[%clk 01:28:58]} {[%emt
00:00:18]} Be6 {[%clk 01:02:41]} {[%emt 00:00:17]} 20. Rad1 {[%clk 01:28:52]}
{[%emt 00:00:35]} Rxd4 {[%clk 00:57:53]} {[%emt 00:05:18]} 21. Rxd4 {[%clk
01:28:43]} {[%emt 00:00:39]} Kf8 {[%clk 00:58:15]} {[%emt 00:00:09]} 22. a3
{[%clk 01:28:51]} {[%emt 00:00:23]} Ke7 {[%clk 00:54:52]} {[%emt 00:03:52]} 23.
Ne4 {[%clk 01:27:13]} {[%emt 00:02:08]} Ra5 {[%clk 00:47:00]} {[%emt 00:08:22]}
24. Rb4 {[%clk 01:26:33]} {[%emt 00:01:10]} Bc8 {[%clk 00:42:20]} {[%emt
00:05:09]} 25. f3 {[%clk 01:25:58]} {[%emt 00:01:05]} Rd5 {[%clk 00:35:49]}
{[%emt 00:07:02]} 26. Kf2 {[%clk 01:25:37]} {[%emt 00:00:51]} h5 {[%clk
00:30:00]} {[%emt 00:06:18]} 27. Nc3 {[%clk 01:25:24]} {[%emt 00:00:44]} Rd6
{[%clk 00:27:03]} {[%emt 00:03:27]} 28. Ke3 {[%clk 01:25:04]} {[%emt 00:00:50]}
c5 {[%clk 00:17:20]} {[%emt 00:10:14]} 29. Rb5 {[%clk 01:24:30]} {[%emt
00:01:03]} b6 {[%clk 00:16:56]} {[%emt 00:00:54]} 30. Rxb6 {[%clk 01:17:51]}
{[%emt 00:07:09]} Rxb6 {[%clk 00:14:02]} {[%emt 00:03:24]} 31. Nd5+ {[%clk
01:18:01]} {[%emt 00:00:20]} Kd6 {[%clk 00:14:25]} {[%emt 00:00:07]} 32. Nxb6
{[%clk 01:18:28]} {[%emt 00:00:03]} Ba6 {[%clk 00:13:18]} {[%emt 00:01:37]} 33.
Na4 {[%clk 01:18:43]} {[%emt 00:00:15]} Bc4 {[%clk 00:12:08]} {[%emt 00:01:40]}
34. Nc3 {[%clk 01:18:58]} {[%emt 00:00:15]} Ke5 {[%clk 00:10:59]} {[%emt
00:01:39]} 35. h4 {[%clk 01:18:56]} {[%emt 00:00:32]} f5 {[%clk 00:04:57]}
{[%emt 00:06:32]} 36. a4 {[%clk 01:17:48]} {[%emt 00:01:38]} g6 {[%clk
00:02:43]} {[%emt 00:02:43]} 37. a5 {[%clk 01:18:11]} {[%emt 00:00:08]} Ba6
{[%clk 00:02:01]} {[%emt 00:01:12]} 38. b3 {[%clk 01:18:36]} {[%emt 00:00:05]}
Ke6 {[%clk 00:01:06]} {[%emt 00:01:25]} 39. Kf4 {[%clk 01:19:00]} {[%emt
00:00:06]} Kf6 {[%clk 00:01:14]} {[%emt 00:00:22]} 40. e4 {[%clk 01:19:20]}
{[%emt 00:00:10]} fxe4 {[%clk 00:00:34]} {[%emt 00:01:10]} 41. fxe4 {[%clk
01:19:43]} {[%emt 00:00:07]} Bd3 {[%clk 00:29:57]} {[%emt 00:01:07]} 42. Na4
{[%clk 01:50:01]} {[%emt 00:00:12]} 1-0